000
00291nam a22001337a 4500
003
SGT
082
_b
B16S
100
_a
SINGH MANPREET
245
_a
BIG DATA ANALYTICS WITH MICROSOFT
260
_b
PEARSON PUB.
_c
2016
300
_a
572
650
_a
COMMERCE MANAGEMENT
942
_2
ddc
_c
BK
999
_c
15502
_d
15502